|
|
|
|
| LEADER |
00000nas a2200000 i 4500 |
| 001 |
ssj0001068139 |
| 003 |
WaSeSS |
| 005 |
20200512172242.0 |
| 006 |
m d |
| 007 |
cr n |
| 008 |
131212c20129999ii f| p|s|||||| |0eng d |
| 022 |
|
|
|a 2277-8098
|l 2277-8098
|
| 035 |
|
|
|a (WaSeSS)ssj0001068139
|
| 040 |
|
|
|a WaSeSS
|b eng
|c WaSeSS
|d WaSeSS
|
| 050 |
1 |
4 |
|a HD30.22
|
| 210 |
0 |
|
|a Asia pac. j. manag. entrep. res.
|
| 222 |
|
0 |
|a Asia pacific journal of management and entrepreneurship research
|
| 245 |
0 |
0 |
|a Asia pacific journal of management & entrepreneurship research
|h [electronic resource].
|
| 246 |
1 |
|
|a Asia pacific journal of management and entrepreneurship research
|
| 260 |
|
|
|a Bangalore, India :
|b Lebanon International Foundation,
|c 2012-
|
| 310 |
|
|
|a Semiannual
|
| 362 |
1 |
|
|a Began with Volume 1, Issue 1 (March 2012).
|
| 506 |
|
|
|a License restrictions may limit access.
|
| 588 |
|
|
|a Description based on: Volume 1, Issue 1 (March 2012); title from article pdf (ProQuest, viewed Dec. 11, 2013).
|
| 588 |
|
|
|a Latest issue consulted: Volume 2, Issue 4 (September 2013) (viewed Dec. 11, 2013).
|
| 650 |
|
0 |
|a Managerial economics
|v Periodicals.
|
| 655 |
|
0 |
|a Electronic journals.
|
| 856 |
4 |
0 |
|z Full text available from Research Library: 03/01/2012 to 01/31/2015
|u https://search.proquest.com/publication/1796425
|